[Event "TUR-chT Superleague 2018"]
[Site "Ankara"]
[Date "2018.07.27"]
[Round "3"]
[White "Jakovenko, Dmitry"]
[Black "Ali Marandi, Cemil Can"]
[Result "1-0"]
[WhiteElo "2749"]
[BlackElo "2540"]
[Annotator "TA"]
[PlyCount "77"]
[EventDate "2018.07.25"]
[EventType "team-tourn"]
[EventCountry "TUR"]
[SourceTitle "playchess.com"]
[Source "ChessBase"]
[SourceQuality "1"]

{[%evp 21,77,63,60,32,33,25,39,35,30,43,48,42,59,60,62,69,73,84,79,71,76,64,91,57,161,173,197,187,223,211,184,162,221,211,270,268,248,270,279,279,305,306,306,282,801,787,1002,997,1994,1958,1768,1721,1543,1301,6037,5834,5639,5415]} 1. e4 e5 2. Nf3 Nc6 3. Bb5 f5 4. Nc3 fxe4 5. Nxe4 Nf6 6. Nxf6+ Qxf6 7. Qe2 Be7 8. Bxc6 bxc6 9. d4 {C63: Ruy Lopez: Schliemann/Jaenisch Defence} (9. Nxe5 Qe6 10. d4 O-O 11. Nd3 Qxe2+ 12. Kxe2 d6 13. Be3 a5 14. a4 Bf5 15. Kd2 Bf6 16. Rad1 Rab8 {½-½ (66) Volokitin,A (2649)-Radjabov,T (2710) Doha 2016}) 9... Qg6 10. O-O d6 11. Qc4 d5 {LiveBook: 9 Games} 12. Qb3 e4 13. Ne5 Qe6 14. f4 O-O 15. Be3 Bd6 $146 ({Predecessor:} 15... Ba6 16. Rf2 Rab8 {1-0 (47) Legemaat,G (2345)-Lunek,F (2295) ICCF email 2016}) 16. Qc3 c5 17. dxc5 Bxe5 $1 18. fxe5 Ba6 19. Rxf8+ Rxf8 20. c6 Rf5 21. Bxa7 Rxe5 22. Be3 Rf5 (22... Rh5 $14) 23. a4 $18 Rf6 24. b4 {[%cal Bb2b4,Bb4b5][%mdl 32]} Bc4 25. b5 Qf5 {[#] ( -> ...Qf1+!)} 26. h3 $1 Rg6 {[#]} (26... h5 $142) 27. Kh2 $1 h5 28. Rg1 h4 29. Qd2 Rf6 30. Bd4 Rf7 31. Rb1 Qg6 32. a5 {[%cal Ba4a5,Ba5a6,Ba6a7][%mdl 32]} Qg3+ $2 (32... Rf1 33. Rxf1 Bxf1) 33. Kg1 {White is clearly winning.} Qg6 34. a6 Qf5 35. a7 Rf8 36. Qf2 Qxf2+ 37. Bxf2 Ra8 38. b6 cxb6 39. Rxb6 {Precision: White = 90%, Black = 31%.} 1-0

[Event "TUR-chT Superleague 2018"]
[Site "Ankara"]
[Date "2018.07.27"]
[Round "3"]
[White "Inarkiev, Ernesto"]
[Black "Abasov, Nijat"]
[Result "1-0"]
[WhiteElo "2684"]
[BlackElo "2623"]
[Annotator "TA"]
[PlyCount "177"]
[EventDate "2018.07.25"]
[EventType "team-tourn"]
[EventCountry "TUR"]
[SourceTitle "playchess.com"]
[Source "ChessBase"]
[SourceQuality "1"]

{[%evp 15,177,18,24,31,28,24,20,16,15,9,13,0,0,0,12,14,14,1,14,10,10,6,25,0,0,0,20,0,22,24,21,23,17,26,23,22,25,11,16,10,34,35,38,32,40,33,36,32,32,30,43,31,39,31,43,37,40,28,28,29,42,0,19,0,24,14,126,66,66,66,66,66,66,66,66,66,66,66,66,66,66,66,66,66,66,66,29951,29960,29964,29965,29965,29965,29965,29966,29966,29966,29966,29967,29966,29966,29965,29967,29965,0,29966,29964,29964,29964,29964,29964,29964,29965,29965,29964,29965,29966,29965,0,29964,29965,29965,0,29960,29962,29962,0,29962,29960,29962,29961,29954,29953,29960,29963,29969,29970,29970,29971,29971,29972,29971,29971,29971,29972,29976,29977,29981,29982,29982,29982,29982,29983,29983,29984,29984,29985,29985,29986,29986,29987,29987,29988,29988,29989]} 1. d4 Nf6 2. c4 e6 3. Nf3 d5 4. Nc3 Bb4 5. Qb3 c5 6. Bg5 {D38: Damengambit (Ragosin-Verteidigung)} Nc6 7. dxc5 dxc4 8. Qxc4 Qa5 {LiveBook: 21 Partien} 9. Rc1 Qxc5 10. Qxc5 Bxc5 11. a3 $146 ({Vorgänger:} 11. e3 Bb4 12. a3 Bxc3+ 13. Rxc3 Ne4 14. Rc1 Nxg5 15. Nxg5 {½-½ (27) Nakamura,H (2779)-Aronian,L (2785) London 2016}) 11... O-O 12. e3 Be7 13. Bd3 Rd8 14. Ke2 Bd7 15. h3 Rac8 16. Rc2 Na5 17. Nd2 Nc6 18. Bf4 Ne8 19. Bh2 Bd6 20. f4 f5 21. Nf3 Nf6 22. e4 fxe4 23. Nxe4 Nxe4 24. Bxe4 Na5 25. Rd1 Bb5+ 26. Ke1 Rxc2 27. Bxc2 Nc4 28. Ng5 Nxb2 29. Bxh7+ Kh8 30. Rb1 Bxa3 31. Nf7+ Kxh7 32. Nxd8 Bc4 33. Nxb7 Bd5 34. Nd8 a5 35. Ke2 a4 36. Bg1 {zielt auf Ld4 ab.} Bc4+ 37. Kf3 Bd5+ 38. Ke2 Bc4+ $1 39. Kf3 {Weiss will Ld4 spielen.} Bd5+ 40. Kg4 {Sf7 ist eine echte Drohung.} Be7 {[#]} (40... Nc4 $11) 41. Nxe6 (41. Nc6 $1 $16 {[%cal Rc6e7]} Bf6 42. Bd4) 41... Bxe6+ $14 42. f5 Bc4 $1 43. Rxb2 {[%mdl 4096] Endspiel KTL-KL} a3 44. Rc2 Bb3 $1 {[%cal Rb3c2]} 45. Rc6 $1 {Und Ld4 würde nun gewinnen.} Bf6 $1 46. Rxf6 $1 gxf6 {KL-KL} 47. Kf4 Kg7 48. Bd4 Kf7 49. g4 a2 50. h4 {[%cal Bh3h4,Bh4h5,Bh5h6][%mdl 32]} Ke7 $2 {[%mdl 8192]} (50... Bd1 $14) 51. h5 Kf7 52. h6 Ba4 53. Ke4 Bc6+ 54. Kd3 Bb5+ 55. Ke3 Bd7 56. Bc3 Bc8 57. Ke4 Bb7+ 58. Kd3 Ba6+ 59. Ke3 Bc8 $1 60. Kf4 Bd7 61. Ba1 Ba4 62. Bb2 Bd7 63. Ke3 Bc8 64. Ke4 Bb7+ 65. Kd3 Ba6+ 66. Ke3 Bc8 $1 67. Ba1 Bd7 68. Kf4 Ba4 $1 69. Ke4 Bc6+ 70. Ke3 Bd7 $1 71. Kd2 {Weiß setzt Matt.} Bc8 72. Bb2 Bd7 73. Bd4 Bc8 74. Kc2 Kg8 75. Bxf6 Kh7 {[#]} 76. Bg7 $1 a1=Q 77. Bxa1 Kxh6 78. Bf6 Kh7 79. Kd3 Kg8 80. Ke4 Kf7 81. g5 {[%cal Bg4g5,Bg5g6][%mdl 32]} Bd7 82. Ke5 Ba4 83. g6+ Kf8 84. Kf4 Kg8 85. Be7 Bc2 86. Kg5 Bd3 87. f6 Bc4 88. Bc5 Bb3 89. Kf4 {Precision: Weiß = 73%, Schwarz = 66%.} 1-0

[Event "TUR-chT Superleague 2018"]
[Site "Ankara"]
[Date "2018.07.27"]
[Round "3"]
[White "Kuzubov, Yuriy"]
[Black "Rakhmanov, Aleksandr"]
[Result "1/2-1/2"]
[WhiteElo "2660"]
[BlackElo "2627"]
[Annotator "TA"]
[PlyCount "60"]
[EventDate "2018.07.25"]
[EventType "team-tourn"]
[EventCountry "TUR"]
[SourceTitle "playchess.com"]
[Source "ChessBase"]
[SourceQuality "1"]

{[%evp 21,60,19,18,29,24,21,30,32,33,27,27,32,29,20,28,19,28,29,51,26,26,23,35,11,20,0,0,0,0,0,0,0,0,0,0,0,0,0,0,0,0]} 1. e4 e5 2. Nf3 Nf6 3. d4 Nxe4 4. Bd3 d5 5. Nxe5 Nd7 6. Nxd7 Bxd7 7. O-O Be7 8. c4 Nf6 9. Nc3 dxc4 10. Bxc4 O-O 11. Re1 c6 12. h3 {C43: Petroff Defence: 3 d4} Bf5 13. Bf4 $146 ({Predecessor:} 13. Qf3 Bg6 14. Be3 Re8 15. Rac1 b5 16. Bb3 b4 17. Na4 Be4 18. Qg3 Bd5 19. Nc5 a5 {0-1 (41) Velicka,P (2458)-Konopka,M (2442) Opava 2000}) 13... Bb4 14. a3 {White has an edge.} Bxc3 15. bxc3 Nd5 16. Be5 Qd7 17. Qf3 Bg6 18. Bb3 b5 19. a4 {[#] Strongly threatening axb5.} a6 20. axb5 (20. h4 {seems wilder.} h5 21. c4 bxc4 22. Bxc4 a5 23. Rac1) 20... axb5 21. Qg3 Qf5 22. Rxa8 Rxa8 {The position is equal.} 23. Bxd5 $40 {[%mdl 128] White is up to no good.} (23. c4 {looks sharper.} bxc4 24. Bxc4 h6 25. Bb3 Kh7 26. Rc1) 23... cxd5 24. Bd6 (24. Kh2 {feels hotter.} h6 25. h4 Ra2 26. f3 h5 27. Bd6) 24... h5 25. Qe5 Qxe5 26. Rxe5 f6 27. Re1 ({Much weaker is} 27. Rxd5 Rd8 $17) 27... h4 28. Re2 Bd3 29. Re3 Be4 30. f3 Bf5 {Precision: White = 64%, Black = 74%.} 1/2-1/2

[Event "TUR-chT Superleague 2018"]
[Site "Ankara"]
[Date "2018.07.27"]
[Round "3"]
[White "Salgado Lopez, Ivan"]
[Black "Kanmazalp, Ogulcan"]
[Result "1/2-1/2"]
[WhiteElo "2643"]
[BlackElo "2481"]
[Annotator "TA"]
[PlyCount "97"]
[EventDate "2018.07.25"]
[EventType "team-tourn"]
[EventCountry "TUR"]
[SourceTitle "playchess.com"]
[Source "ChessBase"]
[SourceQuality "1"]

{[%evp 26,97,0,-6,0,0,0,0,0,0,0,-14,0,-18,-21,-21,-13,-27,0,0,0,0,0,0,0,0,0,0,0,0,0,0,0,0,0,0,0,0,8,0,23,7,12,0,0,0,0,0,0,0,0,0,0,0,0,0,0,0,0,0,0,0,0,0,0,0,0,0,0,0,51,16,51,0]} 1. d4 d5 2. c4 e6 3. Nc3 c6 4. e3 Nf6 5. Nf3 Nbd7 6. Qc2 Bd6 7. Be2 O-O 8. O-O b6 9. b3 Bb7 10. Bb2 Qe7 11. Rac1 {D45: Semi-Slav: 5 e3} (11. Rad1 Rad8 12. Rfe1 Rfe8 13. e4 Nxe4 14. Nxe4 dxe4 15. Qxe4 Bb4 16. Rf1 Bd6 17. Rfe1 Bb4 18. Rf1 Bd6 19. Rfe1 Bb4 {½-½ (19) Radjabov,T (2748)-Carlsen,M (2843) Shamkir 2018}) 11... Rac8 12. Rfd1 Rfd8 13. Qb1 a6 14. a4 {LiveBook: 3 Games} a5 {[#]} 15. Bf1 $146 ({Predecessor:} 15. Bd3 h6 16. cxd5 Nxd5 17. Ne4 Bb4 18. Qa1 f6 {½-½ (51) Kovalyov,A (2557)-O'Donnell,T (2370) Calgary 2009}) 15... h6 16. h3 Bb4 17. Be2 Bd6 18. Qa1 Ne4 19. Nd2 Nxd2 20. Rxd2 Nf6 21. cxd5 cxd5 22. Rdc2 Bb4 23. Qb1 Ne8 24. Bd3 Rc7 25. Nb5 Rxc2 26. Qxc2 Rc8 27. Qd1 Rxc1 28. Qxc1 Nd6 29. Ba3 Nxb5 30. Bxb4 Qxb4 31. Bxb5 {[#] Qc7 is the strong threat.} Qd6 32. Qc2 g6 33. f4 h5 34. g4 hxg4 35. hxg4 Qd8 36. g5 (36. Kg2 {with more complications.} Qh4 37. Qd1 Bc8 38. Be2 Bd7 39. Qh1) 36... Qc8 37. Qxc8+ (37. Qd1 {keeps more tension.} Ba6 38. Bxa6 Qxa6 39. Qc2 Qb7 40. Qc3) 37... Bxc8 $11 {[%mdl 4096] Endgame KB-KB} 38. Kf2 Kf8 39. Ke2 Ke7 40. Kd2 Bd7 41. Bd3 Bc6 42. Kc3 Kd6 43. Kb2 Kc7 44. Ka3 Kd6 45. b4 Kc7 46. Kb3 Kd6 47. Bc2 Kc7 (47... Ke7 $11) 48. Kc3 Kd6 49. Kb3 {Precision: White = 37%, Black = 69%.} (49. b5 $14 Bd7 50. Bd3) 1/2-1/2

[Event "TUR-chT Superleague 2018"]
[Site "Ankara"]
[Date "2018.07.27"]
[Round "3"]
[White "Zhigalko, Sergei"]
[Black "Cheparinov, Ivan"]
[Result "0-1"]
[WhiteElo "2616"]
[BlackElo "2712"]
[Annotator "TA"]
[PlyCount "104"]
[EventDate "2018.07.25"]
[EventType "team-tourn"]
[EventCountry "TUR"]
[SourceTitle "playchess.com"]
[Source "ChessBase"]
[SourceQuality "1"]

{[%evp 25,104,30,27,19,27,5,28,27,34,33,18,0,10,0,0,0,0,0,5,0,0,0,0,-4,-6,-29,-19,-25,-18,-52,-52,-50,-49,-44,-18,-154,-179,-179,-179,-173,-172,-165,-165,-165,-157,-243,-243,-229,-229,-236,-225,-399,-294,-279,-278,-427,-397,-429,-338,-428,-414,-413,-389,-467,-406,-1072,-1043,-1035,-1035,-1004,-895,-29979,-29980,-29980,-29981,-29981,-29982,-29982,-29983,-29989,-29990]} 1. d4 Nf6 2. Nf3 g6 3. Bf4 Bg7 4. e3 O-O 5. Be2 d6 6. h3 b6 7. O-O Bb7 8. a4 c5 9. c3 a6 10. Nbd2 Nbd7 11. Re1 cxd4 {A48: Königsindisch (ohne c2-c4)} 12. exd4 Nd5 13. Bh2 Bh6 {LiveBook: 3 Partien. Weiß hat minimalen Vorteil.} 14. Bd3 (14. Bf1 a5 15. Nc4 N7f6 16. Na3 Bf4 17. Bxf4 Nxf4 18. g3 N4d5 19. Bg2 {½-½ (64) Kamsky,G (2741)-Svidler,P (2747) Loo 2013}) 14... N7f6 15. Ne4 $146 ({Vorgänger:} 15. Nf1 Nf4 16. Bxf4 Bxf4 17. Ne3 Re8 18. Nh2 e5 19. Bf1 {½-½ (30) Pham,L (2351)-Gao,R (2417) Ho Chi Minh City 2012}) 15... Nh5 16. Bf1 Ne3 17. fxe3 {Und weiter mit Ld3 wäre nett.} Bxe4 18. Bd3 Nf6 19. Bxe4 Nxe4 20. Nd2 Nxd2 21. Qxd2 b5 22. Qd3 Qd7 23. axb5 axb5 24. e4 Qc6 25. d5 Qc5+ 26. Kh1 Bg7 27. Bg1 Qc4 28. Qxc4 bxc4 29. Ba7 Rfc8 30. Ra2 {[#]} (30. g4 $11) 30... Rcb8 $1 $17 {[%mdl 512]} 31. Rea1 {[#]} (31. Bxb8 Rxa2) 31... Rxb2 $1 {[%mdl 512]} 32. Rxb2 Bxc3 33. Rbb1 {Droht stark Ta4.} Bxa1 34. Rxa1 $19 {[%mdl 4096] Endspiel und nun wäre Ld4 stark für Weiss. KTL-KT} c3 35. g4 (35. Ra2 $17 {kämpft weiter.}) 35... c2 36. Rc1 Rxa7 37. Rxc2 {KT-KT} Ra3 38. Kg2 $2 (38. Rc7) 38... Re3 39. Rc4 g5 40. Rb4 (40. Rd4 $142) 40... Kg7 41. Ra4 h6 42. Rb4 Kf6 43. Ra4 e6 44. dxe6 fxe6 45. Rb4 (45. Kf2 $142 Rxh3 46. Ra5) 45... Ke5 46. Rb7 Rxe4 47. Rh7 d5 {[%cal Bd6d5,Bd5d4,Bd4d3,Bd3d2][%mdl 32]} 48. Rxh6 d4 {Schwarz setzt Matt.} 49. Rg6 d3 50. Rxg5+ Kf4 51. Rg8 d2 52. Rf8+ Ke5 {Precision: Weiß = 19%, Schwarz = 84%.} 0-1

[Event "TUR-chT Superleague 2018"]
[Site "Ankara"]
[Date "2018.07.27"]
[Round "3"]
[White "Baryshpolets, Andrey"]
[Black "Triapishko, Aleksandr"]
[Result "1/2-1/2"]
[WhiteElo "2603"]
[BlackElo "2509"]
[Annotator "TA"]
[PlyCount "108"]
[EventDate "2018.07.25"]
[EventType "team-tourn"]
[EventCountry "TUR"]
[SourceTitle "playchess.com"]
[Source "ChessBase"]
[SourceQuality "1"]

{[%evp 14,108,19,23,21,14,20,29,33,36,58,55,57,16,25,19,27,20,29,29,30,22,25,24,45,38,33,16,56,50,62,51,60,55,51,45,58,48,49,52,45,39,58,9,9,12,28,26,33,34,92,54,46,27,35,26,39,24,52,52,52,52,68,52,60,52,59,52,52,52,59,52,52,48,54,48,49,50,48,42,54,51,59,56,87,35,33,15,26,8,8,8,8,0,10,-12,0]} 1. d4 {Metz Alekhine/Primel,D} Nf6 2. c4 g6 3. g3 c6 4. Bg2 d5 5. Qa4 Bg7 6. cxd5 Nxd5 7. Nf3 O-O 8. O-O {LiveBook: 22 Games} Nb6 {A11: English Opening: 1...c6} (8... Bf5 9. Nbd2 Nb6 10. Qa5 Qd5 11. Qa3 Qd6 12. b3 Na6 13. e4 Bd7 14. Bb2 Rfe8 15. Rad1 Rad8 16. Qa5 {½-½ (47) Grischuk,A (2761)-Vachier Lagrave,M (2796) Paris 2017}) 9. Qc2 Bg4 10. Rd1 Bxf3 $146 {White has an edge.} ({Predecessor:} 10... Qc8 11. Bg5 Re8 12. Nc3 Bh3 13. e4 Bxg2 14. Kxg2 N8d7 15. Rac1 e5 16. d5 {½-½ (46) Maiorov,N (2552)-Lalic,B (2469) Metz 2012 EXT 2013 [Metz Alekhine/Primel,D]}) 11. Bxf3 e5 12. dxe5 Qe7 13. Bg2 Bxe5 14. Nc3 Na6 15. Bd2 Nc4 16. Be1 Rad8 17. e3 Bg7 18. Qe2 Qe6 19. Rac1 Nb6 20. b3 Nb4 21. Ne4 Qe7 22. a3 Na6 23. b4 Rxd1 24. Qxd1 Rd8 25. Qb3 Nc7 26. a4 Nd7 27. Rd1 Ne5 28. Nc5 Rxd1 29. Qxd1 b6 30. Ne4 Ne6 31. Bc3 Nc4 ({Black should play} 31... f5 $14 32. Nd6 Qd7) 32. Qb3 Nd6 33. Nxd6 Qxd6 34. Be1 h5 35. Kf1 Kf8 36. Qc4 Nd8 37. Ke2 Ke7 38. Bd2 Qd7 39. Qe4+ Kf8 40. Bf3 Qd6 41. Qd3 Ke7 42. Bg2 (42. b5 {is more complex.} c5 43. Qxd6+ Kxd6 44. Kd3 f5 45. e4) 42... Qxd3+ 43. Kxd3 $14 {[%mdl 4096] Endgame KBB-KBN} a6 44. f4 b5 45. a5 Kd7 46. e4 Bf8 47. Bh3+ Kc7 48. f5 c5 {[#]} 49. Bf4+ (49. bxc5 $1 $16 Nb7 50. Kc2) 49... Kc6 50. fxg6 {With the idea Bg5.} fxg6 51. bxc5 Nb7 $1 {The position is equal.} 52. Bg2 {And now e5+ would win.} Nxc5+ 53. Kc3 Ne6 54. Be3 Bg7+ {Precision: White = 62%, Black = 59%.} 1/2-1/2

[Event "TUR-chT Superleague 2018"]
[Site "Ankara"]
[Date "2018.07.27"]
[Round "3"]
[White "Solak, Dragan"]
[Black "Eren, Ataberk"]
[Result "1-0"]
[WhiteElo "2603"]
[BlackElo "2195"]
[Annotator "ChessBase"]
[PlyCount "59"]
[EventDate "2018.07.25"]
[EventType "team-tourn"]
[EventCountry "TUR"]
[SourceTitle "playchess.com"]
[Source "ChessBase"]
[SourceQuality "1"]
[TimeControl "40/5400+30:1800+30"]

1. c4 {[%emt 0:00:30]} c6 {[%emt 0:02:00]} 2. Nf3 {[%emt 0:03:30]} Nf6 {[%emt 0:01:30]} 3. Nc3 {[%emt 0:02:30]} d5 {[%emt 0:00:30]} 4. e3 {[%emt 0:01:30]} e6 {[%emt 0:07:30]} 5. d4 {[%emt 0:07:30]} Nbd7 {[%emt 0:02:30]} 6. Qc2 {[%emt 0:00:30]} Bd6 {[%emt 0:04:30]} 7. Bd3 {[%emt 0:03:30]} O-O {[%emt 0:13:30]} 8. O-O {[%emt 0:00:30]} dxc4 {[%emt 0:05:30]} 9. Bxc4 {[%emt 0:01:30]} e5 {[%emt 0:00:30]} 10. Bb3 {[%emt 0:09:30]} Qe7 {[%emt 0:05:30]} 11. h3 {[%emt 0:02:30]} b6 {[%emt 0:11:30]} 12. Rd1 {[%emt 0:12:30]} Bb7 {[%emt 0:13:30]} 13. e4 {[%emt 0:03:30]} Rad8 {[%emt 0:01:30]} 14. Bg5 {[%emt 0:05:30]} Bb8 {[%emt 0:03:30]} 15. d5 {[%emt 0:07:30]} h6 {[%emt 0:04:30]} 16. Bh4 {[%emt 0:08:30]} Nc5 {[%emt 0:02:52]} 17. Bc4 {[%emt 0:03:30]} g5 {[%emt 0:04:17]} 18. Bg3 {[%emt 0:00:30]} cxd5 {[%emt 0:10:30]} 19. exd5 {[%emt 0:00:30]} e4 {[%emt 0:02:01]} 20. Bxb8 {[%emt 0:01:30]} Rxb8 {[%emt 0:00:08]} 21. d6 {[%emt 0:03:30]} Qe8 {[%emt 0:00:04]} 22. Nb5 {[%emt 0:02:24]} Ncd7 {[%emt 0:02:01]} 23. Nc7 {[%emt 0:01:51]} Qc8 {[%emt 0:00:12]} 24. Rac1 {[%emt 0:04:02]} Kh8 {[%emt 0:01:40]} 25. Nd4 {[%emt 0:02:45]} Ne5 {[%emt 0:00:40]} 26. Qc3 {[%emt 0:04:02]} Rg8 {[%emt 0:00:27]} 27. Nc6 {[%emt 0:02:01]} Nf3+ {[%emt 0:00:34]} 28. gxf3 {[%emt 0:00:42]} Qf5 {[%emt 0:00:13]} 29. fxe4 {[%emt 0:00:59]} Qf4 {[%emt 0:00:23]} 30. Nd5 {[%emt 0:00:31]} 1-0

[Event "TUR-chT Superleague 2018"]
[Site "Ankara"]
[Date "2018.07.27"]
[Round "3"]
[White "Goganov, Alexey"]
[Black "Kravtsiv, Martyn"]
[Result "1/2-1/2"]
[WhiteElo "2576"]
[BlackElo "2654"]
[Annotator "TA"]
[PlyCount "60"]
[EventDate "2018.07.25"]
[EventType "team-tourn"]
[EventCountry "TUR"]
[SourceTitle "playchess.com"]
[Source "ChessBase"]
[SourceQuality "1"]

{[%evp 23,60,7,13,0,0,0,0,0,0,0,0,-39,-79,-65,-12,-4,0,0,0,0,0,0,0,0,0,0,0,0,0,0,0,0,0,0,0,0,0,0,0]} 1. c4 Nf6 2. Nc3 e5 3. Nf3 Nc6 4. g3 d5 5. cxd5 Nxd5 6. Bg2 Nb6 7. O-O Be7 8. a3 a5 {[%cal Ba7a5,Ba5a4][%mdl 32]} 9. d3 O-O 10. Be3 Be6 11. Rc1 a4 {A29: Englische Eröffnung (Vierspringer-Variante)} 12. Bxb6 (12. Nd2 f5 13. Bxb6 cxb6 14. Nxa4 Bg5 15. Nc3 e4 16. Kh1 Qd7 17. Rb1 Rad8 18. Nc4 Qf7 19. b3 exd3 20. exd3 {0-1 (43) Giri,A (2777)-Carlsen,M (2843) Shamkir 2018}) 12... cxb6 {LiveBook: 4 Partien} 13. e3 b5 14. Nxb5 $146 ({Vorgänger:} 14. d4 Bb3 15. Qd2 exd4 16. Nxd4 Nxd4 17. Qxd4 Qxd4 18. exd4 Bg5 19. Rb1 {½-½ (28) Flores,L (2126)-Langer,R (2282) LSS email 2013}) 14... Qb6 15. Nc3 Qxb2 16. Nxa4 Qxa3 17. Nc3 Rfd8 18. Qe2 Bb4 (18... Rac8 $15 19. Ne4 Qxd3 20. Qxd3 Rxd3) 19. Nb5 $11 {Die Stellung ist ausgeglichen.} Qa5 20. d4 Bg4 21. h3 Bxf3 22. Bxf3 exd4 23. Nxd4 Nxd4 24. exd4 Rxd4 25. Bxb7 Rb8 26. Rc8+ Rxc8 27. Bxc8 Rd8 28. Bb7 g6 29. Rd1 Rxd1+ 30. Qxd1 Qe5 {Precision: Weiß = 85%, Schwarz = 78%.} 1/2-1/2

[Event "TUR-chT Superleague 2018"]
[Site "Ankara"]
[Date "2018.07.27"]
[Round "3"]
[White "Shevchenko, Kirill"]
[Black "Yildirim, Ibrahim Halil"]
[Result "1-0"]
[WhiteElo "2554"]
[BlackElo "1887"]
[Annotator "TA"]
[PlyCount "109"]
[EventDate "2018.07.25"]
[EventType "team-tourn"]
[EventCountry "TUR"]
[SourceTitle "playchess.com"]
[Source "ChessBase"]
[SourceQuality "1"]

{[%evp 18,109,46,43,48,51,52,57,46,64,77,53,61,40,70,50,58,39,34,0,0,-49,-48,-60,-51,-89,-95,-94,-86,-93,-24,-20,-14,-15,0,0,0,0,26,0,26,0,12,19,16,11,18,0,5,4,52,49,95,96,86,16,204,208,354,292,352,270,312,264,312,270,270,270,441,425,398,297,290,268,1000,837,9476,2665,29978,29979,29978,29979,29979,29980,29981,29981,29980,29981,29985,29986,29986,29987,29987,29988]} 1. d4 d5 2. Bf4 Nf6 3. e3 c5 4. c3 Nc6 5. Nd2 Bf5 6. Qb3 {D00: 1 d4 d5: Unusual lines} (6. Ngf3 e6 7. Be2 Bd6 8. dxc5 Bxc5 9. Nd4 Bg6 10. Qa4 O-O 11. Nxc6 bxc6 12. Qxc6 Rc8 13. Qa4 Re8 14. O-O e5 {0-1 (57) Le,Q (2737)-Ding,L (2777) Riadh 2017}) 6... Qb6 7. dxc5 Qxb3 8. axb3 e5 9. Bg3 Bxc5 10. Ngf3 {LiveBook: 12 Games} Nd7 11. b4 Bd6 12. Nd4 $146 ({Predecessor:} 12. Bb5 f6 {1-0 (20) Delchev,A (2638)-Behling,R (2117) Forni di Sopra 2014}) 12... Nxd4 13. exd4 f6 14. Bb5 Ke7 15. dxe5 Bxe5 16. Bxd7 Kxd7 17. O-O-O a5 {[#] Threatens to win with ...axb4.} 18. Nc4 {aiming for Nb6+.} axb4 $1 19. Nb6+ Ke6 20. Nxa8 Rxa8 21. cxb4 Rc8+ 22. Kd2 {[#] And now Rc1 would win.} Rc2+ 23. Ke3 Rxb2 (23... Bxb2 $17 24. Rhe1 Bc3) 24. Bxe5 $11 fxe5 $17 {[%mdl 4096] Endgame KRR-KRB} 25. Rd2 Rb3+ 26. Ke2 Rxb4 27. f3 Rc4 28. Ra1 Kd6 29. Ra8 Rc8 30. Ra7 Rb8 31. Rb2 Kc6 32. h4 Bd7 33. Rba2 Kc7 34. Ra8 Bc6 35. Rxb8 Kxb8 $16 {KR-KB} 36. f4 (36. g3 $16) 36... e4 $2 (36... exf4 $11 37. Rb2 Kc7) 37. Ke3 $18 {[%mdl 1024] White has strong compensation.} b5 (37... Kc7 {might work better.} 38. Kd4 Kd6) 38. Kd4 Kb7 39. Kc5 g6 40. Ra3 Kc7 41. g4 b4 42. Rb3 ({Resist} 42. Kxb4 $6 Kd6 $16) 42... Bd7 $2 (42... Ba4 43. Rxb4 Bd7) 43. Kxd5 Bxg4 44. Kxe4 Kd6 45. Rxb4 Bf5+ $2 (45... Ke6 46. Rb6+ Ke7 47. Rb7+ Kf6 48. Rxh7 Bf5+ 49. Ke3 Bg4) 46. Kd4 h6 47. Rb6+ (47. Rb5 $142 h5 48. Rb6+ Kc7 49. Rb5) 47... Ke7 48. Ke5 {White mates.} Bc2 49. Rb7+ Ke8 50. Kf6 Bd3 51. Re7+ Kd8 52. Rg7 g5 53. fxg5 hxg5 54. hxg5 {[%cal Bh4g5,Bg5g6][%mdl 32]} Ke8 55. g6 {Precision: White = 67%, Black = 31%.} 1-0